Through the Kaleidoscope: Corporate Logos III Quiz Stats

 Plays Quiz Updated Jan 29, 2018

Score 0/18 Timer 04:00
1 Play Today
% Correct
Dunkin' Donuts
90.2%
BP
89%
Toys'R'Us
88.9%
Shell
83.9%
Fruit of the Loom
83.6%
Android
83.2%
Lay's
82.3%
VISA
79.3%
Best Buy
72.3%
% Correct
WWF
70.2%
Chevron Corporation
68.5%
Nestlé
63.6%
Bacardi & Company
63.2%
Levi Strauss & Co.
53.8%
ING Group
47.4%
Bank of America
31.2%
Vodafone Group plc
29.8%
Sun Microsystems
20.9%

You're not logged in!

Compare scores with friends on all Sporcle quizzes.
OR
Log In

You Might Also Like...

Show Comments

Extras

Top Quizzes Today


Score Distribution

Your Account Isn't Verified!

In order to create a playlist on Sporcle, you need to verify the email address you used during registration. Go to your Sporcle Settings to finish the process.

Report this User

Report this user for behavior that violates our Community Guidelines.

Details: